コンテンツを見る
Inicio
Centros participantes
Catálogo
Servicios
Contacto
ログイン
English
Deutsch
Español
Français
Italiano
日本語
Nederlands
Português
Português (Brasil)
中文(简体)
中文(繁體)
Türkçe
עברית
Gaeilge
Cymraeg
Ελληνικά
Català
Euskara
Русский
Čeština
Suomi
Svenska
polski
Dansk
slovenščina
اللغة العربية
বাংলা
Galego
Tiếng Việt
Hrvatski
हिंदी
Հայերէն
Українська
Sámegiella
言語
全フィールド
タイトル
著者
主題
請求記号
ISBN/ISSN
タグ
検索
詳細検索
La pérdida de la independencia...
この資料を引用
この資料をメール
印刷
エクスポート
エクスポート先: RefWorks
エクスポート先: EndNoteWeb
エクスポート先: EndNote
お気に入りに追加
パーマネントリンク
最初の評価を行う
La pérdida de la independencia energética de México /
保存先:
書誌詳細
第一著者:
Bonilla, Arturo
フォーマット:
テキスト
主題:
MEXICO
ENERGIA
ECONOMIA
タグ:
タグ追加
タグなし, このレコードへの初めてのタグを付けませんか!
所蔵
その他の書誌記述
コメント
類似資料
MARC表示
MARC
LEADER
00000 a a2200000 04500
001
45896
003
040
100
|a
Bonilla, Arturo
245
|a
La pérdida de la independencia energética de México /
|c
Arturo Bonilla
650
|a
MEXICO
650
|a
ENERGIA
650
|a
ECONOMIA
773
|g
número70 (1993), páginas 60-62
999
|c
20246
|d
20246
類似資料
Auditoría energética y programa permanente de conservación de energía para el Hospital México
著者:: Heilbron Carazo, Mariano, 1971-
出版事項: (1998)
Amérique latine: les surprises de la démocratie /
著者:: Couffignal, Georges
India en los albores de la transición energética /
著者:: Palazuelos, Enrique
México: Un "Plan Nacional" sin desarrollo. (La parábola de "cuál Juan") /
著者:: Martinez Escamilla, Ramón
La bala perdida : William S. Burroughs en México /
著者:: García-Robles, Jorge, 1956-
出版事項: (1995)